Infant mortality in India : (Record no. 35498)
[ view plain ]
| 000 -LEADER | |
|---|---|
| fixed length control field | 01094nam a2200301 a 4500 |
| 001 - CONTROL NUMBER | |
| control field | 35498 |
| 003 - CONTROL NUMBER IDENTIFIER | |
| rucl marc code | BD-RjUL |
| 005 - DATE AND TIME OF LATEST TRANSACTION | |
| control field | 20211209052331.0 |
| 008 - FIXED-LENGTH DATA ELEMENTS--GENERAL INFORMATION | |
| fixed length control field | 870820s1988 ii a b 101 0 eng |
| 020 ## - INTERNATIONAL STANDARD BOOK NUMBER | |
| International Standard Book Number | 0803995458 |
| 035 ## - SYSTEM CONTROL NUMBER | |
| System control number | (BD-RjUL)35592 |
| 040 ## - CATALOGING SOURCE | |
| Original cataloging agency | DLC |
| Transcribing agency | DLC |
| Modifying agency | DLC |
| -- | BD-RjUL |
| Language of cataloging | eng |
| 041 ## - LANGUAGE CODE | |
| Language code of text/sound track or separate title | eng |
| 082 00 - DEWEY DECIMAL CLASSIFICATION NUMBER | |
| Classification number | 304.640954 |
| Edition number | 19 |
| Author mark and year | INF 1988 |
| 245 00 - TITLE STATEMENT | |
| Title | Infant mortality in India : |
| Remainder of title | differentials and determinants / |
| Statement of responsibility, etc. | edited by Anrudh K. Jain and Pravin Visaria. |
| 260 ## - PUBLICATION, DISTRIBUTION, ETC. (IMPRINT) | |
| Place of publication, distribution, etc. | New Delhi ; |
| -- | Newbury Park, Calif. : |
| Name of publisher, distributor, etc. | Sage Publications, |
| Date of publication, distribution, etc. | 1988. |
| 300 ## - PHYSICAL DESCRIPTION | |
| Pagination | 398 p. : |
| Illustrations | ill. ; |
| Size | 23 cm. |
| 504 ## - BIBLIOGRAPHY, ETC. NOTE | |
| Bibliography, etc | Bibliography: p. [375]-388. |
| Bibliography, etc | Includes index. |
| 650 #0 - SUBJECT ADDED ENTRY--TOPICAL TERM | |
| Topical term or geographic name as entry element | Infants |
| General subdivision | Mortality |
| Geographic subdivision | India |
| Form subdivision | Congresses. |
| 9 (RLIN) | 108122 |
| 700 1# - ADDED ENTRY--PERSONAL NAME | |
| Personal name | Jain, Anrudh K. |
| Personal name | Visaria, Pravin M. |
| 856 42 - ELECTRONIC LOCATION AND ACCESS | |
| Materials specified | Publisher description |
| Uniform Resource Identifier | <a href="http://www.loc.gov/catdir/enhancements/fy0657/87022486-d.html">http://www.loc.gov/catdir/enhancements/fy0657/87022486-d.html</a> |
| Materials specified | Table of contents only |
| Uniform Resource Identifier | <a href="http://www.loc.gov/catdir/enhancements/fy0657/87022486-t.html">http://www.loc.gov/catdir/enhancements/fy0657/87022486-t.html</a> |
| 942 ## - ADDED ENTRY ELEMENTS (KOHA) | |
| Source of classification or shelving scheme | Dewey Decimal Classification |
| Koha item type | Books |
| Lost status | Source of classification or shelving scheme | Damaged status | Not for loan | Collection code | Permanent Location | Current Location | Shelving location | Date acquired | Source of acquisition | Cost, normal purchase price | Total Checkouts | Full call number | Date last seen | Copy number | Koha item type |
|---|---|---|---|---|---|---|---|---|---|---|---|---|---|---|---|
| Dewey Decimal Classification | Not For Loan | Non-fiction | Central Library, University of Rajshahi | Central Library, University of Rajshahi | Reading Room | 08/07/1997 | Dhaka Ahsania Mission Book House | 425.00 | 304.640954 INF 1988 | 26/05/2014 | C-1 | Books |